| 000 | 00364 a2200121 4500 | ||
|---|---|---|---|
| 000 | nam a22 7a 4500 | ||
| 005 | 20250922133553.0 | ||
| 020 | _a978-1-66692-243-1 | ||
| 100 |
_aOuvrein, Gaelle _9822180 |
||
| 245 | _aAudience interactions in contemporary celebrity culture: approaches from across disciplines | ||
| 260 |
_bLexington Books _c2024 |
||
| 942 | _cTB | ||
| 999 |
_c1435957 _d1435957 |
||